| 000 | 00676nam a22002057a 4500 | ||
|---|---|---|---|
| 999 |
_c15919 _d15919 |
||
| 003 | AR-CdUCM | ||
| 008 | 190306b ||||| |||| 00| 0 spa d | ||
| 040 |
_aMUNICIPALIDAD PROVINCIAL DEL CUSCO _cBIBLIOTECA MUNICIPAL DEL CUSCO |
||
| 082 |
_aC / 461 / _bSA187 |
||
| 100 |
_aSamanez F., David I. _911260 |
||
| 245 | _aCusco con s / | ||
| 260 |
_aCusco : _c1971. |
||
| 300 |
_a34 paginas ; _c21 cm. |
||
| 505 | _aArticulación de la s -- Articulación de la z -- Origen del nombre Cusco -- Castellinazion del sustantivo qosqo -- Periodo fonético... | ||
| 650 |
_aCusco _9772 |
||
| 650 |
_aCuzco _97693 |
||
| 650 |
_aFonética _911261 |
||
| 942 |
_2ddc _cLIBROS |
||
| 945 | _awfj | ||